[Event "FIRST SATURDAY TOURNAMENTS Budapest IM  "]
[Site "Budapest"]
[Date "2012.02.10"]
[Round "7.1"]
[White "Farago, Sandor"]
[Black "Lyell, Mark"]
[Result "1-0"]
[WhiteElo "2286"]
[BlackElo "2195"]
[PlyCount "79"]
[EventDate "2012.02.04"]

1. d4 Nf6 2. Nf3 e6 3. c4 c5 4. d5 b5 5. Nc3 b4 6. Na4 d6 7. dxe6 fxe6 8. g3
Be7 9. Bg2 Bb7 10. O-O O-O 11. Bh3 e5 12. Ng5 Qe8 13. f3 Na6 14. b3 h6 15. Ne6
Qh5 16. Kg2 Rf7 17. Qc2 Re8 18. Bd2 g5 19. Bf5 e4 20. h3 exf3+ 21. exf3 g4 22.
Nf4 gxf3+ 23. Kh2 Bd8 24. Rf2 Qg5 25. Ng6 Qxf5 26. Qxf5 Be4 27. Qf4 Bxg6 28.
Qxd6 Nb8 29. Qxb8 Bc7 30. Qb5 Re2 31. Rxe2 fxe2 32. Nxc5 Nh5 33. Qe8+ Kh7 34.
Qxf7+ Bxf7 35. Bxb4 Nxg3 36. Kg2 Be8 37. Ne6 Be5 38. Re1 Bc6+ 39. Kf2 Kg6 40.
Bc5 1-0

[Event "FIRST SATURDAY TOURNAMENTS Budapest IM  "]
[Site "Budapest"]
[Date "2012.02.10"]
[Round "7.2"]
[White "Zakhartsov, Vladimir"]
[Black "Esenov, Annaberdi"]
[Result "0-1"]
[WhiteElo "2216"]
[BlackElo "2287"]
[PlyCount "176"]
[EventDate "2012.02.04"]

1. e4 c5 2. Nf3 d6 3. d4 cxd4 4. Nxd4 Nf6 5. Nc3 a6 6. f3 e6 7. Be3 b5 8. Qd2
Nbd7 9. g4 Nb6 10. a4 Nc4 11. Bxc4 bxc4 12. a5 Qc7 13. Na4 Bb7 14. O-O-O Nd7
15. Ne2 Be7 16. Nb6 Nxb6 17. Bxb6 Qc6 18. Qc3 O-O 19. Kb1 Rac8 20. Bd4 e5 21.
Bb6 Bd8 22. Qa3 Be7 23. Nc3 Rfe8 24. Nd5 Bf8 25. Qc3 Re6 26. h4 Qd7 27. g5 Bxd5
28. Rxd5 Qe8 29. Be3 f6 30. h5 Qf7 31. g6 hxg6 32. hxg6 Qxg6 33. Rdd1 f5 34.
Rdg1 Qf7 35. Qd2 f4 36. Qh2 Qb7 37. Qh8+ Kf7 38. Rh7 Rg6 39. Rxg6 Kxg6 40. Rh5
Be7 41. Qh7+ Kf7 42. Rf5+ Bf6 43. Bf2 Rb8 44. Bb6 Qc8 45. Qh5+ Ke7 46. Qg4 Qe6
47. Qh5 Rg8 48. Qh7 Qf7 49. Rh5 g5 50. Qxf7+ Kxf7 51. Rh7+ Bg7 52. b4 Kg6 53.
Rh1 Rc8 54. Rd1 Bf8 55. c3 Kf7 56. Rh1 Be7 57. Kc2 Ke6 58. Rh6+ Kd7 59. Kd2 Rg8
60. Ke2 g4 61. Bf2 g3 62. Bg1 Re8 63. Kd2 Kc6 64. Re6 Kd7 65. Rh6 Bd8 66. Rh7+
Re7 67. Rh8 Re8 68. Rxe8 Kxe8 69. b5 Kd7 70. bxa6 Kc8 71. a7 Kb7 72. a6+ Ka8
73. Kd1 Bc7 74. Kd2 Ba5 75. Kc2 d5 76. exd5 e4 77. fxe4 f3 78. Kd1 f2 79. Bxf2
gxf2 80. Ke2 Kxa7 81. e5 Bxc3 82. e6 Bb4 83. Kxf2 Kxa6 84. Ke3 Kb5 85. Kd4 Bd6
86. Kc3 Kc5 87. Kc2 Kxd5 88. Kc3 Be7 0-1

[Event "FIRST SATURDAY TOURNAMENTS Budapest IM  "]
[Site "Budapest"]
[Date "2012.02.10"]
[Round "7.4"]
[White "Szalanczy, Emil"]
[Black "Atabayev, Maksat"]
[Result "0-1"]
[WhiteElo "2264"]
[BlackElo "2336"]
[PlyCount "134"]
[EventDate "2012.02.04"]

1. e4 c5 2. Nf3 d6 3. d4 cxd4 4. Nxd4 Nf6 5. Nc3 a6 6. Be3 e5 7. Nde2 Be7 8.
Nd5 Nxd5 9. Qxd5 Nd7 10. Nc3 Nf6 11. Qd2 Be6 12. Be2 O-O 13. O-O h6 14. Rfd1
Rc8 15. Bf3 Qc7 16. Rac1 Kh8 17. h3 Qa5 18. Nd5 Qxd2 19. Rxd2 Bxd5 20. exd5 Nd7
21. c4 Bg5 22. b4 f5 23. Rdc2 b6 24. Be2 Ra8 25. g3 Bxe3 26. fxe3 a5 27. Rb1
axb4 28. Rxb4 Ra3 29. Rb3 Rfa8 30. Bh5 Kh7 31. Bf7 Rxb3 32. axb3 Nc5 33. b4 Nd3
34. Be6 g6 35. g4 Ra1+ 36. Kh2 f4 37. exf4 exf4 38. c5 bxc5 39. bxc5 Nxc5 40.
h4 Re1 41. g5 hxg5 42. hxg5 Nxe6 43. dxe6 Rxe6 44. Kh3 Re5 45. Kg4 Rf5 46. Rc7+
Kh8 47. Kf3 Rxg5 48. Kxf4 Rf5+ 49. Ke4 Rf6 50. Ra7 Kg8 51. Rb7 Rf7 52. Rb6 Rd7
53. Kd5 Kf7 54. Rb1 Rd8 55. Rf1+ Kg7 56. Rg1 Ra8 57. Kxd6 Ra5 58. Ke6 g5 59.
Rg2 Kg6 60. Rg1 Ra4 61. Ke5 g4 62. Rh1 Kg5 63. Rh8 g3 64. Rg8+ Kh4 65. Kf5 Kh3
66. Rh8+ Rh4 67. Ra8 g2 0-1

[Event "FIRST SATURDAY TOURNAMENTS Budapest IM  "]
[Site "Budapest"]
[Date "2012.02.10"]
[Round "7.5"]
[White "Szeberenyi, Adam"]
[Black "Petran, Pal"]
[Result "1/2-1/2"]
[WhiteElo "2316"]
[BlackElo "2374"]
[PlyCount "38"]
[EventDate "2012.02.04"]

1. d4 Nf6 2. Nf3 e6 3. c4 Bb4+ 4. Bd2 a5 5. e3 b6 6. Bd3 Bb7 7. O-O O-O 8. a3
Bxd2 9. Nbxd2 d6 10. Qc2 Nbd7 11. Rfd1 c5 12. Ne4 Qe7 13. dxc5 dxc5 14. Nxf6+
Nxf6 15. Ne1 Qc7 16. f4 Rad8 17. Rd2 Ne4 18. Rdd1 Nf6 19. Rd2 Ne4 1/2-1/2

[Event "FIRST SATURDAY TOURNAMENTS Budapest IM  "]
[Site "Budapest"]
[Date "2012.02.11"]
[Round "8.1"]
[White "Atabayev, Maksat"]
[Black "Szeberenyi, Adam"]
[Result "1-0"]
[WhiteElo "2336"]
[BlackElo "2316"]
[PlyCount "57"]
[EventDate "2012.02.04"]

1. e4 c5 2. Nf3 d6 3. d4 cxd4 4. Nxd4 Nf6 5. Nc3 a6 6. Be2 e5 7. Nb3 Be7 8. O-O
O-O 9. Be3 Be6 10. f4 Qc7 11. a4 Nbd7 12. f5 Bc4 13. a5 Rfc8 14. Bxc4 Qxc4 15.
Ra4 Qc6 16. Qf3 b5 17. axb6 Nxb6 18. Bxb6 Qxb6+ 19. Kh1 Bd8 20. Rfa1 Qb7 21.
Qd3 a5 22. h3 Bb6 23. Qxd6 Rc6 24. Qd3 Ng4 25. Qe2 Nf2+ 26. Kh2 Rh6 27. Rf1 Rc8
28. Rxf2 Bxf2 29. Qxf2 1-0

[Event "FIRST SATURDAY TOURNAMENTS Budapest IM  "]
[Site "Budapest"]
[Date "2012.02.11"]
[Round "8.2"]
[White "Galyas, Miklos"]
[Black "Szalanczy, Emil"]
[Result "1-0"]
[WhiteElo "2467"]
[BlackElo "2264"]
[PlyCount "137"]
[EventDate "2012.02.04"]

1. c4 c5 2. g3 Nc6 3. Bg2 g6 4. Nc3 Bg7 5. a3 Nf6 6. Rb1 O-O 7. b4 cxb4 8. axb4
a5 9. bxa5 Rxa5 10. Nf3 Rh5 11. d3 d5 12. Nxd5 Nxd5 13. cxd5 Qxd5 14. Qb3 Qxb3
15. Rxb3 b5 16. Bb2 Be6 17. Bxg7 Kxg7 18. Rb1 Rb8 19. Kd2 b4 20. Rhc1 Rb6 21.
Ke1 Ra5 22. Nd2 Ne5 23. d4 Ng4 24. h3 Nf6 25. e4 Ra2 26. d5 Bd7 27. Rc4 b3 28.
Nxb3 Bb5 29. Nd2 Bxc4 30. Rxb6 Bd3 31. f4 Ba6 32. Bf3 h6 33. Rb4 Nd7 34. Be2
Bxe2 35. Kxe2 Nc5 36. Ke3 f5 37. e5 Kf7 38. Rc4 Na4 39. Rd4 Nc5 40. Rc4 Na4 41.
Rd4 Nc5 42. d6 exd6 43. exd6 Ke6 44. Nc4 Nd7 45. Rd3 Ra8 46. Kd4 Nf6 47. Rb3
Ra2 48. Rb7 Nd7 49. Rb1 Nf6 50. Rb7 Nd7 51. Rb1 Nf6 52. Rb7 Nd7 53. g4 h5 54.
g5 Ra1 55. Rb3 Rd1+ 56. Rd3 Rxd3+ 57. Kxd3 Nc5+ 58. Kd4 Ne4 59. Ne5 Nxd6 60.
Nxg6 Nb5+ 61. Ke3 Nd6 62. Ne5 Kd5 63. Kf3 Ne8 64. Kg3 Ng7 65. Nd7 Ke4 66. Nf6+
Ke3 67. Kh4 Ne6 68. Nxh5 Kf3 69. g6 1-0

[Event "FIRST SATURDAY TOURNAMENTS Budapest IM  "]
[Site "Budapest"]
[Date "2012.02.11"]
[Round "8.4"]
[White "Lyell, Mark"]
[Black "Zakhartsov, Vladimir"]
[Result "0-1"]
[WhiteElo "2195"]
[BlackElo "2216"]
[PlyCount "66"]
[EventDate "2012.02.04"]

1. e4 c5 2. Nc3 a6 3. d3 b5 4. f4 Bb7 5. Nf3 e6 6. Be2 Nf6 7. O-O d5 8. e5 d4
9. exf6 dxc3 10. f5 Qxf6 11. bxc3 exf5 12. Bg5 Qd6 13. Nh4 g6 14. Bf3 Nc6 15.
Qd2 h6 16. Rae1+ Kd7 17. Bf4 Qf6 18. d4 cxd4 19. Be5 Nxe5 20. Bxb7 Nc4 21.
Qxd4+ Qxd4+ 22. cxd4 Rb8 23. Bd5 Bb4 24. Bxf7 Bxe1 25. Rxe1 Nd6 26. Be6+ Kc7
27. Nxg6 Rhe8 28. d5 b4 29. Re3 Rb5 30. c3 Rxd5 31. cxb4 Rd1+ 32. Kf2 Rd2+ 33.
Ke1 Rxg2 0-1

[Event "FIRST SATURDAY TOURNAMENTS Budapest IM  "]
[Site "Budapest"]
[Date "2012.02.11"]
[Round "8.5"]
[White "Lengyel, Bela"]
[Black "Farago, Sandor"]
[Result "1/2-1/2"]
[WhiteElo "2250"]
[BlackElo "2286"]
[PlyCount "30"]
[EventDate "2012.02.04"]

1. e4 c5 2. Nf3 Nc6 3. d4 cxd4 4. Nxd4 g6 5. c4 Nf6 6. Nc3 Nxd4 7. Qxd4 d6 8.
Be3 Bg7 9. f3 O-O 10. Qd2 Be6 11. Rc1 Qa5 12. Be2 Rfc8 13. b3 a6 14. Na4 Qxd2+
15. Kxd2 Nd7 1/2-1/2

[Event "FIRST SATURDAY TOURNAMENTS Budapest IM  "]
[Site "Budapest"]
[Date "2012.02.12"]
[Round "9.1"]
[White "Zakhartsov, Vladimir"]
[Black "Lengyel, Bela"]
[Result "1/2-1/2"]
[WhiteElo "2216"]
[BlackElo "2250"]
[PlyCount "141"]
[EventDate "2012.02.04"]

1. e4 e5 2. Nf3 Nc6 3. Bb5 a6 4. Bxc6 dxc6 5. O-O Qd6 6. Na3 b5 7. c3 c5 8. Nc2
Bd7 9. Qe2 Ne7 10. Rd1 f6 11. d4 cxd4 12. cxd4 Qe6 13. dxe5 fxe5 14. Nb4 Nc6
15. Nd5 Bd6 16. Qd3 h6 17. Be3 Ne7 18. Nb6 Rd8 19. Nxd7 Qxd7 20. a4 Ng6 21.
axb5 axb5 22. Ra5 O-O 23. Qxb5 Qg4 24. Qc4+ Kh8 25. h3 Qh5 26. Qe6 Nh4 27. Qg4
Nxf3+ 28. gxf3 Qf7 29. Kh2 Qxf3 30. Qxf3 Rxf3 31. Kg2 Rff8 32. Bc5 Rb8 33. Bxd6
cxd6 34. Rd2 Rb4 35. f3 Rb6 36. Rad5 Rf6 37. R5d3 Kg8 38. Rc3 Rf7 39. b3 Rfb7
40. Rb2 Kf7 41. Kf2 Ke6 42. Ke3 d5 43. exd5+ Kxd5 44. Rd3+ Ke6 45. Kd2 Rb4 46.
Kc3 Kf5 47. Rb1 g5 48. Kc2 Kf4 49. Rg1 h5 50. Rc3 Rd7 51. Rc8 Rbb7 52. Rc4+ Rd4
53. Kc3 Rxc4+ 54. bxc4 Rg7 55. h4 g4 56. fxg4 hxg4 57. Rf1+ Ke4 58. Re1+ Kf4
59. Kd3 g3 60. Rf1+ Kg4 61. Ke4 g2 62. Rg1 Kxh4 63. Kxe5 Kg3 64. c5 Kf2 65. Rc1
Re7+ 66. Kd6 Re1 67. Rc2+ Re2 68. Rc1 Rd2+ 69. Kc7 g1=R 70. Rxg1 Kxg1 71. c6
1/2-1/2

[Event "FIRST SATURDAY TOURNAMENTS Budapest IM  "]
[Site "Budapest"]
[Date "2012.02.12"]
[Round "9.3"]
[White "Szalanczy, Emil"]
[Black "Esenov, Annaberdi"]
[Result "0-1"]
[WhiteElo "2264"]
[BlackElo "2287"]
[PlyCount "92"]
[EventDate "2012.02.04"]

1. e4 c5 2. Nf3 d6 3. d4 cxd4 4. Nxd4 Nf6 5. Nc3 a6 6. Be3 Nc6 7. Qd2 e6 8.
O-O-O Be7 9. f4 O-O 10. Be2 Qc7 11. Kb1 Na5 12. b3 b5 13. Bf3 Bb7 14. Qd3 Rac8
15. Nce2 Rfd8 16. Ng3 Bf8 17. Bc1 e5 18. Ndf5 d5 19. Qe2 dxe4 20. Nxe4 Nd5 21.
Nh6+ Kh8 22. Rxd5 Bxd5 23. Bb2 Re8 24. Ng5 gxh6 25. Bxd5 hxg5 26. fxg5 Nc6 27.
Be4 Ne7 28. Rf1 Ng6 29. h4 Bg7 30. g3 Kg8 31. Qf3 Re7 32. Ba3 Rd7 33. h5 Nf8
34. h6 Bh8 35. Bxf8 Kxf8 36. Qf5 f6 37. g4 Rcd8 38. Bd3 Rf7 39. g6 hxg6 40.
Qxg6 f5 41. Rxf5 Rxf5 42. Qxf5+ Qf7 43. Qe4 Rd4 44. Qa8+ Qe8 45. Qa7 e4 46. Qh7
Qe5 0-1

[Event "FIRST SATURDAY TOURNAMENTS Budapest IM  "]
[Site "Budapest"]
[Date "2012.02.12"]
[Round "9.5"]
[White "Petran, Pal"]
[Black "Atabayev, Maksat"]
[Result "0-1"]
[WhiteElo "2374"]
[BlackElo "2336"]
[PlyCount "66"]
[EventDate "2012.02.04"]

1. d4 Nf6 2. c4 c5 3. d5 e6 4. Nc3 exd5 5. cxd5 d6 6. Nf3 g6 7. g3 Bg7 8. Bg2
O-O 9. O-O Re8 10. Nd2 a6 11. a4 Nbd7 12. a5 b5 13. axb6 Nxb6 14. e4 Qc7 15. h3
Rb8 16. Re1 Nfd7 17. Bf1 c4 18. Nf3 Nc5 19. Bf4 Nbd7 20. e5 Nxe5 21. Nxe5 dxe5
22. Bxc4 Bxh3 23. d6 Qb7 24. Bd5 Qxb2 25. Be3 Nb3 26. Bxb3 Qxb3 27. Qxb3 Rxb3
28. Ne4 Rd3 29. Rxa6 Bf5 30. Nc5 Rd5 31. Rea1 Bf8 32. Ra8 Rxa8 33. Rxa8 Kg7 0-1

[Event "FIRST SATURDAY TOURNAMENTS Budapest IM  "]
[Site "Budapest"]
[Date "2012.02.13"]
[Round "10.1"]
[White "Galyas, Miklos"]
[Black "Petran, Pal"]
[Result "1-0"]
[WhiteElo "2467"]
[BlackElo "2374"]
[PlyCount "123"]
[EventDate "2012.02.04"]

1. c4 Nf6 2. Nc3 e5 3. Nf3 Nc6 4. e4 Bc5 5. Nxe5 Nxe5 6. d4 Nxe4 7. Nxe4 Bb4+
8. Nc3 Ng6 9. Be2 O-O 10. O-O c6 11. Be3 f5 12. f4 Re8 13. Qd3 d5 14. cxd5 cxd5
15. Rae1 Be6 16. Bd2 Qd7 17. Bd1 Bxc3 18. bxc3 Bf7 19. Bc2 Ne7 20. Qh3 g6 21.
Re5 a6 22. Qg3 Be6 23. h4 Nc6 24. h5 Qg7 25. Rf3 Kf7 26. Re1 Bd7 27. Bb3 Rxe1+
28. Bxe1 Be6 29. Re3 Re8 30. Qg5 Rd8 31. Bh4 Rd6 32. Qg3 b5 33. Qe1 Qf8 34.
hxg6+ hxg6 35. Bg5 Na5 36. Bxd5 Bxd5 37. Re7+ Kg8 38. Re8 Be4 39. Rxf8+ Kxf8
40. Qh4 Nc6 41. Bf6 Ke8 42. Qh8+ Kd7 43. Be5 Re6 44. Qg7+ Ne7 45. Bf6 a5 46.
Bxe7 Rxe7 47. Qxg6 Re6 48. Qf7+ Re7 49. Qb3 Kc6 50. Qa3 b4 51. Qxa5 bxc3 52.
Qxc3+ Kd7 53. a4 Rg7 54. Qb2 Kc8 55. a5 Rb7 56. Qa2 Kb8 57. g4 fxg4 58. Qg8+
Ka7 59. Qxg4 Bd5 60. Qf5 Rb5 61. Qd7+ Ka6 62. f5 1-0

[Event "FIRST SATURDAY TOURNAMENTS Budapest IM  "]
[Site "Budapest"]
[Date "2012.02.13"]
[Round "10.2"]
[White "Esenov, Annaberdi"]
[Black "Szeberenyi, Adam"]
[Result "0-1"]
[WhiteElo "2287"]
[BlackElo "2316"]
[PlyCount "50"]
[EventDate "2012.02.04"]

1. e4 c5 2. Nf3 d6 3. d4 cxd4 4. Nxd4 Nf6 5. Nc3 a6 6. Bc4 e6 7. Bb3 b5 8. O-O
Be7 9. Qf3 Qb6 10. Be3 Qb7 11. Qg3 b4 12. Na4 Nbd7 13. Rfe1 O-O 14. Bh6 Nh5 15.
Qh3 Ndf6 16. Bg5 g6 17. Qh4 e5 18. Nf3 Kg7 19. Nd2 h6 20. f4 hxg5 21. fxg5 Ng4
22. Re2 Nf4 23. Rf2 Rh8 24. Qg3 Qa7 25. Bc4 Rxh2 0-1

[Event "FIRST SATURDAY TOURNAMENTS Budapest IM  "]
[Site "Budapest"]
[Date "2012.02.13"]
[Round "10.3"]
[White "Lyell, Mark"]
[Black "Szalanczy, Emil"]
[Result "1/2-1/2"]
[WhiteElo "2195"]
[BlackElo "2264"]
[PlyCount "119"]
[EventDate "2012.02.04"]

1. e4 c5 2. Nc3 Nc6 3. Bb5 Nd4 4. Bc4 e6 5. Nge2 a6 6. d3 b5 7. Bb3 Bb7 8. O-O
Nf6 9. Nxd4 cxd4 10. Ne2 Bc5 11. c3 dxc3 12. bxc3 Qc7 13. d4 Be7 14. f3 O-O 15.
Qd3 d6 16. a4 e5 17. Ng3 Rfc8 18. Bd2 bxa4 19. Rxa4 Bf8 20. Bc4 a5 21. Bb5 d5
22. Rfa1 h5 23. exd5 Bxd5 24. c4 h4 25. cxd5 hxg3 26. hxg3 exd4 27. Bf4 Qd8 28.
Bc6 Nxd5 29. Bxa8 Nxf4 30. gxf4 Rxa8 31. g3 Qf6 32. Rb1 Qe6 33. Kg2 Qc6 34. Rc4
Qe6 35. Ra4 Qe8 36. Rxd4 a4 37. Rh1 g6 38. f5 gxf5 39. Kf2 Bc5 40. Kf1 a3 41.
Rg4+ fxg4 42. Qh7+ Kf8 43. Qh6+ Ke7 44. Qg5+ Kd7 45. Qxc5 Qe6 46. Qb5+ Qc6 47.
Qf5+ Kc7 48. Qe5+ Kb6 49. Qd4+ Ka6 50. Qd3+ Qb5 51. Rh6+ Ka5 52. Rh5 Qxh5 53.
Qxa3+ Kb5 54. Qxa8 gxf3 55. Qe8+ Kc5 56. Kf2 Kd6 57. Qd8+ Ke6 58. Qb6+ Kf5 59.
Qa5+ Kg4 60. Qxh5+ 1/2-1/2

[Event "FIRST SATURDAY TOURNAMENTS Budapest IM  "]
[Site "Budapest"]
[Date "2012.02.13"]
[Round "10.5"]
[White "Farago, Sandor"]
[Black "Zakhartsov, Vladimir"]
[Result "0-1"]
[WhiteElo "2286"]
[BlackElo "2216"]
[PlyCount "106"]
[EventDate "2012.02.04"]

1. e4 c5 2. Nf3 Nc6 3. d4 cxd4 4. Nxd4 g6 5. Nc3 Bg7 6. Be3 Nf6 7. Be2 O-O 8.
Nb3 d6 9. O-O Be6 10. f4 Rc8 11. f5 Bd7 12. g4 Ne5 13. g5 Rxc3 14. bxc3 Nxe4
15. Nd4 Nxc3 16. Qd2 Nxe2+ 17. Qxe2 Nc6 18. Nxc6 bxc6 19. f6 exf6 20. Rad1 Bh3
21. Rfe1 fxg5 22. Qf3 Qd7 23. Qg3 Bc3 24. Bd2 Be5 25. Qxg5 f6 26. Qh4 g5 27.
Qc4+ d5 28. Qa4 Qf5 29. Be3 Bc3 30. Rf1 Bxf1 31. Rxf1 Qe4 32. Qxa7 Re8 33. Bc5
Qg4+ 34. Kh1 Qh3 35. Qa6 Be5 36. Qe2 Ra8 37. Rf3 Qg4 38. h3 Qe4 39. Qxe4 dxe4
40. Ra3 Rxa3 41. Bxa3 Bc3 42. Bc5 Ba5 43. Kg2 Kf7 44. Kf2 Ke6 45. c4 f5 46. a4
f4 47. Ba7 Kd6 48. Bd4 h5 49. Ba7 c5 50. Bb8+ Bc7 51. Ba7 g4 52. hxg4 hxg4 53.
Ke2 g3 0-1

[Event "FIRST SATURDAY TOURNAMENTS Budapest IM  "]
[Site "Budapest"]
[Date "2012.02.14"]
[Round "11.2"]
[White "Szalanczy, Emil"]
[Black "Lengyel, Bela"]
[Result "1/2-1/2"]
[WhiteElo "2264"]
[BlackElo "2250"]
[PlyCount "31"]
[EventDate "2012.02.04"]

1. e4 e5 2. Nf3 Nc6 3. Bb5 a6 4. Ba4 Nf6 5. O-O Be7 6. Re1 b5 7. Bb3 d6 8. c3
O-O 9. h3 Na5 10. Bc2 c5 11. d4 Qc7 12. Nbd2 Nc6 13. d5 Na5 14. b3 Bd7 15. Nf1
Nb7 16. Bd2 1/2-1/2

[Event "FIRST SATURDAY TOURNAMENTS Budapest IM  "]
[Site "Budapest"]
[Date "2012.02.14"]
[Round "11.3"]
[White "Szeberenyi, Adam"]
[Black "Lyell, Mark"]
[Result "0-1"]
[WhiteElo "2316"]
[BlackElo "2195"]
[PlyCount "58"]
[EventDate "2012.02.04"]

1. d4 d5 2. Nf3 c5 3. c4 dxc4 4. e3 e6 5. Bxc4 Nf6 6. O-O a6 7. Bb3 Nc6 8. Qe2
cxd4 9. Rd1 Be7 10. exd4 O-O 11. Nc3 Nb4 12. Ne5 Bd7 13. Bg5 Qe8 14. a3 Nbd5
15. Bxf6 Nxc3 16. bxc3 Bxf6 17. Bc2 Ba4 18. Bxh7+ Kxh7 19. Qh5+ Kg8 20. Ng4
Bxd1 21. Nxf6+ gxf6 22. Rxd1 Qb5 23. d5 Rfd8 24. Qg4+ Kf8 25. c4 Qb2 26. h4
Rac8 27. Qh5 Ke7 28. Re1 e5 29. Qf5 Rxc4 0-1

[Event "FIRST SATURDAY TOURNAMENTS Budapest IM  "]
[Site "Budapest"]
[Date "2012.02.14"]
[Round "11.4"]
[White "Petran, Pal"]
[Black "Esenov, Annaberdi"]
[Result "1/2-1/2"]
[WhiteElo "2374"]
[BlackElo "2287"]
[PlyCount "181"]
[EventDate "2012.02.04"]

1. d4 Nf6 2. Nf3 g6 3. Bg5 Bg7 4. Nbd2 d5 5. e3 O-O 6. Bd3 c5 7. c3 cxd4 8.
exd4 Nc6 9. h3 Qd6 10. O-O Bf5 11. Qc2 Bxd3 12. Qxd3 Nh5 13. Nb3 f6 14. Be3 Rf7
15. Rad1 Rd8 16. Nc5 e5 17. dxe5 fxe5 18. Ng5 Re7 19. Qb5 h6 20. Nf3 b6 21. Ne4
Qe6 22. Ng3 Nf6 23. Rfe1 Ne8 24. Qa4 Rf7 25. Qh4 g5 26. Qh5 Nf6 27. Qg6 Ne7 28.
Qc2 g4 29. hxg4 Nxg4 30. c4 Qc8 31. Qe2 d4 32. Bc1 Ng6 33. b3 Rd6 34. Rf1 Qd8
35. Ng5 hxg5 36. Qxg4 Nf4 37. Ne4 Rh6 38. g3 Qa8 39. f3 Ne6 40. Kg2 Qc6 41. Rh1
Rg6 42. Ba3 b5 43. cxb5 Qxb5 44. Rd2 Qa6 45. Bd6 Rd7 46. Bc5 Rf7 47. Kf2 Nc7
48. Rc1 Nd5 49. Re1 Nf6 50. Qf5 Nd5 51. Qg4 Nf6 52. Qf5 Nd5 53. Qg4 Qc6 54. b4
Qa6 55. b5 Qxb5 56. Qc8+ Bf8 57. Kg2 Rc6 58. Qg4 Rxc5 59. Nxg5 Qd7 60. Ne6+ Rg7
61. Nxc5 Qxg4 62. fxg4 Bxc5 63. Rxe5 Ne3+ 64. Kf3 Bb6 65. Re8+ Kf7 66. Re4 Kf6
67. Rexd4 Bxd4 68. Rxd4 Nc2 69. Rf4+ Ke5 70. Rf5+ Kd4 71. g5 Ne3 72. Ra5 Nc4
73. Ra6 Ne5+ 74. Kf4 Ng6+ 75. Kf5 Ne7+ 76. Kg4 Nd5 77. g6 Nb4 78. Ra4 Rxg6+ 79.
Kf5 Rb6 80. a3 a5 81. axb4 axb4 82. g4 Kd5 83. g5 b3 84. Ra1 b2 85. Rd1+ Kc6
86. Rb1 Kd7 87. Ke4 Ke6 88. Kd3 Kf5 89. Kc2 Kxg5 90. Rxb2 Rxb2+ 91. Kxb2
1/2-1/2

[Event "FIRST SATURDAY TOURNAMENTS Budapest IM  "]
[Site "Budapest"]
[Date "2012.02.14"]
[Round "11.5"]
[White "Atabayev, Maksat"]
[Black "Galyas, Miklos"]
[Result "1/2-1/2"]
[WhiteElo "2336"]
[BlackElo "2467"]
[PlyCount "20"]
[EventDate "2012.02.04"]

1. e4 e6 2. d4 d5 3. Nc3 Bb4 4. e5 Ne7 5. a3 Bxc3+ 6. bxc3 b6 7. a4 Ba6 8. Bxa6
Nxa6 9. Qd3 Nb8 10. Ba3 Nd7 1/2-1/2